History Quiz

Random History or Letter Quiz

6-Letter US Presidents Quiz Stats

 Plays Quiz Updated May 21, 2015

Challenge
Share
Tweet
Embed
Score 0/9 Timer 02:00
0 Plays Today
% Correct
Jimmy Carter
85.2%
Ronald Reagan
84.3%
James Monroe
76.5%
Woodrow Wilson
74.8%
Harry Truman
73.6%
Herbert Hoover
72.9%
Zachary Taylor
65.9%
Franklin Pierce
58.7%
Chester A. Arthur
51.6%

You're not logged in!

Compare scores with friends on all Sporcle quizzes.
Join for Free
OR
Log In

You Might Also Like...

Show Comments

Extras

Top Quizzes Today


Score Distribution

Your Account Isn't Verified!

In order to create a playlist on Sporcle, you need to verify the email address you used during registration. Go to your Sporcle Settings to finish the process.

Report this User

Report this user for behavior that violates our Community Guidelines.

Details: